000 00855cas a2200277 a 4500
999 _c124633
_d124633
001 11315504
005 20211110113813.0
008 830110c19829999nyuhr 0 a0eng c
020 _a9781264258635
040 _cPK-LaUMT
082 0 0 _a615.1
_219
_bBAS-
245 0 0 _aBasic & clinical pharmacology /
_cedited by Bertram G. Katzung and Todd W. Vanderah
260 _aNew York :
_bMcGraw-Hill,
_c2021
300 _a1311 p.
_billustrations ;
_c27 cm.
490 1 _aA Concise medical library for practitioner and student
500 _aEditor: 1982-<2009> B.G. Katzung.
650 0 _aPharmacology
650 0 _aClinical pharmacology
650 7 _aClinical pharmacology.
650 7 _aPharmacology.
650 1 7 _aFarmacologie.
650 2 _aPharmacology.
650 2 _aPharmacology, Clinical.
700 1 _aKatzung, Bertram G.,
942 _cBK